000 00287nam a22001337a 4500
008 210304b ||||| |||| 00| 0 eng d
041 _aeng
080 _211th
_a37
082 _a37
100 _a25
101 _aEDU
245 _aExceptional Learners
_cHallahan, D.P
942 _2udc
_cBK
999 _c55715
_d55715